[Event "AUTO-INT-939"]
[Site "http://www.queenalice.com/game.php?id=478652"]
[Date "2008.10.17"]
[Round "2"]
[White "luvches"]
[Black "francksc"]
[Result "1-0"]
[WhiteElo "2115"]
[BlackElo "1713"]

1. e4 e5 2. Bc4 d6 3. Nc3 c5 4. d3 Nf6 5. Nf3 Bg4 6. Nd5 Nfd7 7. h3 Bxf3 8. Qxf3
Nc6 9. Nc7+ Qxc7 10. Qxf7+ Kd8 11. Bg5+ Kc8 12. Qe8+ Nd8 13. Be6 b6 14. Bxd8 Kb7
15. Bd5+ Ka6 16. Bxa8 Qc8 17. Bd5 g6 18. Be6 Qb8 19. Qxd7 Qb7 20. Qa4# 1-0

[Event "AUTO-INT-939"]
[Site "http://www.queenalice.com/game.php?id=478653"]
[Date "2008.10.17"]
[Round "2"]
[White "francksc"]
[Black "luvches"]
[Result "0-1"]
[WhiteElo "1715"]
[BlackElo "2114"]

1. e4 e5 2. d3 d5 3. Qf3 d4 4. c4 Nf6 5. Bg5 Be7 6. Bxf6 Bxf6 7. Na3 c5 8. Be2
Qa5+ 9. Kd1 Bd7 10. b3 Qxa3 11. Kc2 Qb4 12. Rc1 Bg5 13. Nh3 Bxh3 14. Qxh3 O-O
15. Bg4 Nc6 16. g3 Qd2+ 17. Kb1 Nb4 18. Bd1 Qxc1# 0-1

[Event "AUTO-MASTER-571"]
[Site "http://www.queenalice.com/game.php?id=489711"]
[Date "2008.11.7"]
[Round "2"]
[White "acbrasileiro"]
[Black "luvches"]
[Result "0-1"]
[WhiteElo "2072"]
[BlackElo "2184"]

1. Nf3 b6 2. g3 Bb7 3. Bg2 e5 4. O-O e4 5. Ne1 d5 6. d3 f5 7. c4 dxc4 8. Qa4+
Nd7 9. Qxc4 Nc5 10. dxe4 fxe4 11. b4 Qf6 12. Nc2 Qe6 13. Qxe6+ Nxe6 14. Rd1 c5
15. bxc5 Bxc5 16. Ne3 Bd4 17. Rxd4 Nxd4 18. Nc3 Rc8 19. Bb2 Rxc3 20. Nd1 Nxe2+
21. Kf1 Nxg3+ 22. hxg3 Rc7 23. Nc3 Nf6 24. Re1 Re7 25. Ba3 Re6 26. Bh3 Re5 27.
f4 Rh5 28. Bg2 Kf7 29. Nxe4 Bxe4 30. Bxe4 Nxe4 31. Rxe4 Re8 32. Rxe8 Kxe8 33.
Bd6 Rd5 0-1

[Event "AUTO-MASTER-571"]
[Site "http://www.queenalice.com/game.php?id=489712"]
[Date "2008.11.7"]
[Round "2"]
[White "luvches"]
[Black "acbrasileiro"]
[Result "0-1"]
[WhiteElo "2204"]
[BlackElo "2073"]

1. e4 c5 2. Nf3 d6 3. d4 cxd4 4. Nxd4 Nf6 5. Nc3 a6 6. Bg5 e6 7. Be2 Be7 8. Nf3
Nc6 9. O-O O-O 10. Qd2 Qc7 11. Rfd1 Rd8 12. a4 d5 13. Bxf6 dxe4 14. Qxd8+ Bxd8
15. Bxd8 Nxd8 16. Nxe4 b6 17. c4 Bb7 18. Nd6 f6 19. Rab1 Nf7 20. Nxb7 Qxb7 21.
Nd2 Rd8 22. b3 a5 23. Nf3 Rxd1+ 24. Rxd1 Qc7 25. Nd4 Qe7 26. Nc6 Qc5 27. Nd8
Nxd8 28. Rxd8+ Kf7 29. Rd7+ Kg6 30. Kf1 f5 31. h4 h6 32. Bf3 Kf6 33. h5 Qb4 34.
Bd1 e5 35. g3 Qa3 36. Ke2 e4 37. Rd2 g6 38. hxg6 Kxg6 39. Rd5 Qb2+ 40. Ke1 h5
41. Kf1 Qc1 42. Rd6+ Kg5 43. Ke2 Qb2+ 44. Kf1 h4 45. gxh4+ Kxh4 46. Rd5 Kg5 47.
Rd8 Kf4 48. Rd5 Qc3 49. Rd6 e3 50. fxe3+ Qxe3 51. Bc2 Qc3 52. Bd1 Ke3 53. Re6+
Kd2 54. Rd6+ Kc1 55. Kf2 f4 56. Bf3 Qe3+ 57. Kg2 Qxb3 58. Re6 Qb2+ 59. Kf1 Qb3
60. Kg2 Qxa4 61. Re4 Qc2+ 62. Kh3 a4 63. Re1+ Kb2 64. Re2 Qxe2 65. Bxe2 a3 66.
c5 bxc5 0-1

[Event "AUTO-MASTER-571"]
[Site "http://www.queenalice.com/game.php?id=489715"]
[Date "2008.11.7"]
[Round "2"]
[White "luvches"]
[Black "daf88"]
[Result "1-0"]
[WhiteElo "2136"]
[BlackElo "1965"]

1. e4 e6 2. d4 d5 3. e5 c5 4. c3 Nc6 5. Bb5 Qb6 6. Bxc6+ bxc6 7. Ne2 cxd4 8.
cxd4 c5 9. O-O Ba6 10. dxc5 Bxc5 11. Nbc3 Be7 12. Qa4+ Kf8 13. Be3 Qc7 14. Qxa6
1-0

[Event "AUTO-MASTER-571"]
[Site "http://www.queenalice.com/game.php?id=489716"]
[Date "2008.11.7"]
[Round "2"]
[White "daf88"]
[Black "luvches"]
[Result "0-1"]
[WhiteElo "2043"]
[BlackElo "2174"]

1. e4 e5 2. Nf3 Nf6 3. Nxe5 Nxe4 4. Qe2 Qe7 5. Qxe4 d6 6. d4 dxe5 7. dxe5 f6 8.
Nc3 Qxe5 9. Qxe5+ fxe5 10. Bc4 Bf5 11. Bb3 Nc6 12. Be3 Bb4 13. O-O-O Bxc3 14.
bxc3 a5 15. a4 Rf8 16. Rhe1 Bd7 17. f4 O-O-O 18. fxe5 Nxe5 19. Bg5 Rde8 20. Rd5
Nd3+ 21. cxd3 Rxe1+ 22. Kd2 Rg1 23. g3 Rg2+ 24. Ke3 Re8+ 25. Kd4 b6 26. c4 h6
27. Bf4 g5 28. Bc1 Re1 29. Ba3 Rxh2 30. c5 Ra1 31. cxb6 Rxa3 0-1

[Event "AUTO-OPEN-1146"]
[Site "http://www.queenalice.com/game.php?id=518671"]
[Date "2009.1.7"]
[Round "2"]
[White "luvches"]
[Black "serse"]
[Result "0-1"]
[WhiteElo "2192"]
[BlackElo "2430"]

1. e4 c5 2. Nf3 d6 3. d4 cxd4 4. Nxd4 Nf6 5. Nc3 a6 6. g3 e5 7. Nde2 Nbd7 8. Be3
Be7 9. Bg2 Nb6 10. O-O O-O 11. Bg5 h6 12. Bc1 Be6 13. a4 Rc8 14. a5 Nc4 15. b4
Qd7 16. Nd5 Nxd5 17. exd5 Bh3 18. Bxh3 Qxh3 19. Rb1 f5 20. Re1 Bf6 21. Rb3 Rc7
22. Kh1 Qh5 23. Kg1 Rfc8 24. Nc3 Qf7 25. Qf3 Bg5 26. Bxg5 hxg5 27. Nb1 e4 28.
Qd1 Ne5 29. Na3 g4 30. Kg2 Qh5 31. Kf1 Qxh2 32. Ke2 Rc3 33. Nb1 e3 34. Rf1 Rxc2+
35. Kxe3 Qh6+ 0-1

[Event "AUTO-OPEN-1146"]
[Site "http://www.queenalice.com/game.php?id=518672"]
[Date "2009.1.7"]
[Round "2"]
[White "serse"]
[Black "luvches"]
[Result "1-0"]
[WhiteElo "2429"]
[BlackElo "2187"]

1. e4 e5 2. Nf3 Nc6 3. Bb5 a6 4. Ba4 Nf6 5. O-O Be7 6. Re1 b5 7. Bb3 O-O 8. h3
Bb7 9. d3 h6 10. Nc3 d6 11. a3 h5 12. Bg5 Nd7 13. Be3 Nc5 14. Bd5 Nd7 15. d4 h4
16. dxe5 dxe5 17. Qd3 Qe8 18. Red1 Rd8 19. Qe2 Nf6 20. b4 Nd7 21. a4 bxa4 22.
Bxc6 Bxc6 23. Qxa6 Nf6 24. Rxd8 Bxd8 25. Qd3 Nd7 26. b5 Bb7 27. Rxa4 Qe6 28. Ra7
Bc8 29. Qd5 Qd6 30. Qxd6 cxd6 31. Nd5 Nf6 32. Nxf6+ gxf6 33. Nxh4 Be6 34. b6 Kg7
35. Nf5+ Bxf5 36. exf5 d5 37. Bc5 Re8 38. Rd7 1-0

[Event "AUTO-ADV-961"]
[Site "http://www.queenalice.com/game.php?id=523177"]
[Date "2009.1.15"]
[Round "2"]
[White "luvches"]
[Black "Constante"]
[Result "1-0"]
[WhiteElo "2193"]
[BlackElo "2125"]

1. e4 c6 2. c4 d5 3. e5 g6 4. d4 Bg7 5. Nf3 f6 6. Bf4 Be6 7. cxd5 Qa5+ 8. b4
Qxd5 9. Nc3 Qd8 10. Ne4 Nd7 11. Be2 Qb6 12. Qb1 f5 13. Nc5 Nxc5 14. dxc5 Qc7 15.
Qb2 a6 16. O-O Bd5 17. Rad1 e6 18. Rd2 h6 19. h3 g5 20. Bh2 Ne7 21. Rfd1 Ng6 22.
Re1 O-O-O 23. Bd1 Qe7 24. a4 Rd7 25. Nd4 Kc7 26. Qc3 Rc8 27. Bc2 Qf7 28. Bxf5
Re8 29. Bxg6 Qxg6 30. b5 Ra8 31. Qa5+ Kc8 32. bxc6 bxc6 33. f3 Rc7 34. Red1 Qe8
35. Rb2 Kd7 36. Nf5 Bf8 37. Nd6 Bxd6 38. exd6 Rca7 39. Rdb1 Qc8 40. Qc3 Qf8 41.
Rb7+ Rxb7 42. Rxb7+ Kd8 43. Qa5+ Ke8 44. Qc7 Qf6 45. d7+ 1-0

[Event "AUTO-ADV-961"]
[Site "http://www.queenalice.com/game.php?id=523178"]
[Date "2009.1.15"]
[Round "2"]
[White "Constante"]
[Black "luvches"]
[Result "0-1"]
[WhiteElo "1964"]
[BlackElo "2178"]

1. e4 e5 2. Nf3 Nf6 3. d3 Nc6 4. Be2 d5 5. Nbd2 dxe4 6. Nxe4 Nxe4 7. dxe4 Qxd1+
8. Bxd1 Be7 9. O-O O-O 10. c3 a6 11. Bb3 Bg4 12. Nd2 Rfd8 13. Nc4 Be6 14. Be3
Rd3 15. h3 Rad8 16. Rfe1 b5 17. Na3 Bxa3 18. bxa3 Rxc3 19. Bxe6 fxe6 20. Rac1
Rdd3 21. Bd2 Rxa3 22. Rc2 Nd4 23. Rb2 c5 24. Be3 c4 25. Bc1 c3 26. Rb4 Rxa2 0-1

[Event "AUTO-ADV-961"]
[Site "http://www.queenalice.com/game.php?id=523179"]
[Date "2009.1.15"]
[Round "2"]
[White "luvches"]
[Black "gardez2005"]
[Result "1-0"]
[WhiteElo "2182"]
[BlackElo "1980"]

1. e4 e5 2. Nf3 Nc6 3. Bb5 Nf6 4. Bxc6 dxc6 5. O-O Nxe4 6. d3 Nf6 7. Nxe5 Be7 8.
Nc3 O-O 9. Re1 Be6 10. Bd2 Re8 11. Ne4 h6 12. Nxf6+ Bxf6 13. Qf3 Bd5 14. Qg3 Kh7
15. c4 Bxe5 16. Rxe5 Rxe5 17. Qxe5 Be6 18. Bc3 Qf8 19. Qxc7 Qc8 20. Qe5 f6 21.
Qe4+ Bf5 22. Qe7 Qd8 23. Qxb7 Qb8 24. Qxc6 Bxd3 25. Qf3 Bg6 26. c5 Qc8 27. Rc1
Rb8 28. c6 Qc7 29. b4 Rb5 30. a4 Rf5 31. Qe3 Rh5 32. Bb2 Qxh2+ 33. Kf1 Qh1+ 34.
Ke2 Qxg2 35. Qf3 Qh2 36. c7 Qd6 37. c8=Q Qxb4 38. Qcb7 Qxa4 39. Qxg7+ 1-0

[Event "AUTO-ADV-961"]
[Site "http://www.queenalice.com/game.php?id=523180"]
[Date "2009.1.15"]
[Round "2"]
[White "gardez2005"]
[Black "luvches"]
[Result "1/2-1/2"]
[WhiteElo "1972"]
[BlackElo "2188"]

1. d4 Nf6 2. c4 e6 3. Nf3 Bb4+ 4. Bd2 Qe7 5. g3 Nc6 6. Bg2 Bxd2+ 7. Nbxd2 O-O 8.
O-O d5 9. c5 Bd7 10. Qc2 e5 11. dxe5 Nxe5 12. Nxe5 Qxe5 13. Nf3 Qe7 14. Rad1 c6
15. Rfe1 b6 16. cxb6 axb6 17. a3 Rfe8 18. e3 Ne4 19. Nd4 c5 20. Bxe4 dxe4 21.
Ne2 Ba4 22. b3 Bb5 23. a4 Bd3 24. Qc3 Rad8 25. Nc1 Qe5 26. Qxe5 Rxe5 27. Rd2 g5
28. Red1 Red5 29. Nxd3 Rxd3 30. Rxd3 exd3 31. f3 Kg7 32. e4 d2 33. Kf2 Rd3 34.
Ke2 Rxb3 35. Rxd2 Ra3 36. Rb2 Rxa4 37. Rxb6 Ra2+ 38. Ke3 Rxh2 39. Rc6 Rc2 40.
Kd3 Rc1 41. Kd2 Rg1 42. g4 Rg2+ 43. Kd3 Rf2 44. Ke3 Rc2 45. Kd3 Rc1 46. Kd2 Rc4
47. Kd3 Rc1 48. Kd2 Rc4 49. Kd3 1/2-1/2

[Event "AUTO-OPEN-1179"]
[Site "http://www.queenalice.com/game.php?id=532088"]
[Date "2009.1.30"]
[Round "3"]
[White "Lorfman"]
[Black "luvches"]
[Result "1-0"]
[WhiteElo "2579"]
[BlackElo "2182"]

1. e4 e5 2. Nf3 Nc6 3. Bc4 Bc5 4. b4 Bxb4 5. c3 Be7 6. d4 Na5 7. Nxe5 Nxc4 8.
Nxc4 d5 9. exd5 Qxd5 10. Ne3 Qg5 11. O-O Nf6 12. Re1 Be6 13. Ba3 Bxa3 14. Qa4+
c6 15. Qxa3 Ne4 16. f3 Nf6 17. Nd2 Qf4 18. Ndc4 Qc7 19. Rab1 b5 20. d5 Nxd5 21.
Nxd5 cxd5 22. Nd6+ Kd7 23. Nxb5 Qb8 24. Nd4 Qc8 25. Rb5 1-0

[Event "AUTO-OPEN-1179"]
[Site "http://www.queenalice.com/game.php?id=532089"]
[Date "2009.1.30"]
[Round "3"]
[White "luvches"]
[Black "Lorfman"]
[Result "0-1"]
[WhiteElo "2193"]
[BlackElo "2569"]

1. e4 c5 2. Nf3 Nc6 3. d4 cxd4 4. Nxd4 Nf6 5. Nc3 e5 6. Nb3 Bb4 7. Bd3 d5 8.
exd5 Nxd5 9. Bd2 Bxc3 10. bxc3 O-O 11. O-O f5 12. Bc4 Be6 13. Nc5 Bf7 14. Nxb7
Qc7 15. Bxd5 Bxd5 16. Nc5 Bc4 17. Re1 Rad8 18. Nb3 Rf6 19. Qb1 Rg6 20. Qb2 f4
21. Reb1 Qd7 0-1

[Event "AUTO-MASTER-626"]
[Site "http://www.queenalice.com/game.php?id=558869"]
[Date "2009.3.20"]
[Round "2"]
[White "rubenov"]
[Black "luvches"]
[Result "0-1"]
[WhiteElo "1994"]
[BlackElo "2184"]

1. d4 e6 2. Nf3 Nf6 3. c3 c5 4. dxc5 Bxc5 5. Nbd2 d5 6. Nb3 Be7 7. Bf4 Bd6 8.
Bxd6 Qxd6 9. e3 b6 10. Bd3 O-O 11. h3 Ba6 12. Bxa6 Nxa6 13. O-O Nc5 14. Nxc5
Qxc5 15. Rb1 Ne4 16. Ne5 Qc7 17. Nf3 Rac8 18. Nd2 Nxd2 19. Qxd2 Qc4 20. a3 Rc5
21. Qd4 a5 22. Rfc1 Rfc8 23. Qxc4 Rxc4 24. Kf1 f5 25. Ke2 Kf7 26. Kd3 e5 27. b3
e4+ 28. Kd2 R4c6 29. b4 a4 30. Rc2 b5 31. Rbc1 Ke6 32. Ke2 g6 33. g3 h6 34. Kd2
Ke5 35. Ke2 g5 36. Kd2 Rc4 37. Ke2 h5 38. Kd2 R4c6 39. Rg1 Rg6 40. Ke1 Rcc6 41.
Kd2 f4 42. g4 Rh6 43. Rcc1 Rcf6 44. Ke2 f3+ 45. Kd2 hxg4 46. Rxg4 Rf5 47. Rg3
Rh4 48. Rcg1 Rh5 49. Kc2 Kf6 50. Kd2 Re5 51. Kc2 Re7 52. Kd2 Kf5 53. Kc2 Reh7
54. Rh1 Kf6 55. Kd2 Rh4 56. Rhg1 R7h5 57. Rh1 g4 58. Rhg1 gxh3 0-1

[Event "AUTO-MASTER-626"]
[Site "http://www.queenalice.com/game.php?id=558870"]
[Date "2009.3.20"]
[Round "2"]
[White "luvches"]
[Black "rubenov"]
[Result "1-0"]
[WhiteElo "2198"]
[BlackElo "1986"]

1. e4 e5 2. Nf3 d6 3. Bc4 h6 4. h3 Nf6 5. Nc3 Be7 6. O-O O-O 7. Re1 Nc6 8. d4
exd4 9. Nxd4 Ne5 10. Be2 a6 11. f4 Ng6 12. f5 Ne5 13. Bf4 Nh7 14. Qd2 Bg5 15.
Nf3 Nxf3+ 16. Bxf3 Bxf4 17. Qxf4 Qg5 18. Qxg5 Nxg5 19. Bg4 c6 20. Rad1 Rd8 21.
Na4 b5 22. Nb6 Rb8 23. Nxc8 Rbxc8 24. h4 Nh7 25. f6 Rc7 26. e5 d5 27. fxg7 Kxg7
28. Rd3 Nf8 29. Rg3 Kh8 30. Bf5 Ne6 31. Bxe6 1-0

[Event "AUTO-MASTER-626"]
[Site "http://www.queenalice.com/game.php?id=558871"]
[Date "2009.3.20"]
[Round "2"]
[White "mowliid12"]
[Black "luvches"]
[Result "0-1"]
[WhiteElo "1996"]
[BlackElo "2190"]

1. e4 e5 2. Nf3 Nc6 3. Bb5 a6 4. Ba4 Nf6 5. O-O Be7 6. Re1 b5 7. Bb3 O-O 8. c3
d6 9. h3 Bb7 10. d4 h6 11. d5 Na5 12. Bc2 c6 13. dxc6 Nxc6 14. Nbd2 h5 15. Nf1
b4 16. Ne3 bxc3 17. bxc3 Rc8 18. Nd5 Re8 19. Rb1 Rb8 20. Ng5 g6 21. Nxe7+ Rxe7
22. Bb3 Rd7 23. Be3 Qf8 24. Qf3 Nh7 25. Nxh7 Kxh7 26. Bd5 Rc7 27. Rb6 Qe7 28.
Reb1 Rf8 29. R1b2 Na5 30. Bxb7 Nxb7 31. Rxa6 Rxc3 32. Ra7 Rc7 33. a4 Nc5 34.
Bxc5 dxc5 35. Ra6 f6 36. Rbb6 Kg7 37. Re6 Qd8 38. Rad6 Rd7 39. Rc6 Rd1+ 40. Kh2
Rd3 41. Qe2 Qd4 42. f3 Rd2 43. Qe1 Rd1 44. Qa5 Qg1+ 45. Kg3 h4+ 46. Kxh4 Qxg2
47. Re7+ Kh6 48. Qxc5 Qg5# 0-1

[Event "AUTO-MASTER-626"]
[Site "http://www.queenalice.com/game.php?id=558872"]
[Date "2009.3.20"]
[Round "2"]
[White "luvches"]
[Black "mowliid12"]
[Result "1-0"]
[WhiteElo "2196"]
[BlackElo "1990"]

1. e4 c5 2. Nf3 d6 3. d4 cxd4 4. Nxd4 Nf6 5. Nc3 a6 6. Bd3 e5 7. Nb3 Be7 8. Bg5
O-O 9. Bxf6 Bxf6 10. Nd5 Be6 11. Nxf6+ Qxf6 12. c3 Nc6 13. O-O Qf4 14. Bc2 Ne7
15. Qxd6 Ng6 16. Nc5 Rae8 17. Nxb7 Nh4 18. Qd3 Ng6 19. Qxa6 Nh4 20. Qd3 Ng6 21.
b4 Rc8 22. Nc5 Bg4 23. c4 Rfd8 24. Qb3 Rd2 25. Qc3 Rcd8 26. Nb3 R2d4 27. f3 Be6
28. Nxd4 exd4 29. Qa3 d3 30. Bb3 Qe3+ 31. Kh1 Nh4 32. Qb2 d2 33. Qe5 Qe2 34. Qg5
f6 35. Qxh4 Bxc4 36. Qf2 Qxf2 37. Bxc4+ Kf8 38. Rxf2 d1=Q+ 39. Rxd1 Rxd1+ 40.
Rf1 Rd2 41. b5 Rb2 42. Bb3 Ke7 43. Rd1 1-0

[Event "Challenge"]
[Site "http://www.queenalice.com/game.php?id=615231"]
[Date "2009.7.8"]
[Round "-"]
[White "luvches"]
[Black "fernando1971"]
[Result "0-1"]
[WhiteElo "2203"]
[BlackElo "2358"]

1. e4 e5 2. Nf3 Nf6 3. Nc3 Nc6 4. d4 exd4 5. Nxd4 Bb4 6. Nxc6 bxc6 7. Bd3 O-O 8.
O-O d5 9. e5 Ng4 10. Na4 Nxe5 11. Bxh7+ Kxh7 12. Qh5+ Kg8 13. Qxe5 Re8 14. Qd4
Bd6 15. Nc5 Be5 16. Qd1 Qd6 17. Nd3 Bxh2+ 18. Kh1 Bf5 19. Qh5 Bxd3 20. cxd3 Be5
21. Kg1 Bd4 22. Qf3 Rab8 23. Rb1 Qe7 24. Qf4 c5 25. Bd2 Qe2 26. Be3 Rxe3 27.
fxe3 Bxe3+ 28. Rf2 f6 29. Qf5 Bxf2+ 30. Qxf2 Qxd3 31. Rc1 c4 32. Rc2 c5 33. Qe2
Qxe2 34. Rxe2 Kf7 35. Kf2 a5 36. Rd2 d4 37. Rc2 Ke6 38. Kf3 Kd5 39. g4 d3 0-1